Albert Merz (Record no. 7351)

MARC details
000 - LÍDER
campo de control de longitud fija 00880nam a2200217Ia 4500
008 - ELEMENTOS DE DATOS DE LONGITUD FIJA - INFORMACIÓN GENERAL
campo de control de longitud fija 0000001985 gw a 0000000000ger00
090 ## - NÚMERO DE LLAMADA DE TIPO LC LOCALMENTE ASIGNADO (OCLC)
Número de clasificación (OCLC) (R) PSZ00 T12a
100 1# - ENTRADA PRINCIPAL - NOMBRE PERSONAL
Nombre de la persona Tafel, Verona
245 10 - TÍTULO DECLARACIÓN
Título Albert Merz
Resto del título : neue bildr und zeichnungen 19841985
Declaración de responsabilidad / texte Verena Tafel, Godehard Lietzow ; fotos Haig Maranian, Dagmar Hartig
260 ## - PUBLICACIÓN, DISTRIBUCIÓN
Lugar de publicación Berlin : Galerie Lietzow
Fecha de publicación 1985
300 ## - DESCRIPCIÓN FÍSICA
Alcance [36] p.
Dimensiones / 30 cm.
500 ## - NOTA GENERAL
Nota general Exposición realizada en Galerie Lietzow, Berlin, 1985 \ Con el patronazgo del maestro venezolano Jesús Rafael Soto (q.e.p.d.)
600 00 - ENTRADA DE SUJETO AÑADIDO - NOMBRE PERSONAL
Nombre de la persona MERZ, ALBERT, 1942 /
Subdivisión general TRABAJOS PICTORICOS
650 14 - ENTRADA DE SUJETO AÑADIDO - TÉRMINO TÓPICO
Término tópico o elemento de entrada del nombre geográfico ARTE CONTEMPORANEO SUIZO
650 14 - ENTRADA DE SUJETO AÑADIDO - TÉRMINO TÓPICO
Término tópico o elemento de entrada del nombre geográfico ARTISTAS PLASTICOS SUIZOS
650 14 - ENTRADA DE SUJETO AÑADIDO - TÉRMINO TÓPICO
Subdivisión general CATALOGOS
650 14 - ENTRADA DE SUJETO AÑADIDO - TÉRMINO TÓPICO
Término tópico o elemento de entrada del nombre geográfico DIBUJOS SUIZOS
650 14 - ENTRADA DE SUJETO AÑADIDO - TÉRMINO TÓPICO
Subdivisión general EXPOSICIONES
650 14 - ENTRADA DE SUJETO AÑADIDO - TÉRMINO TÓPICO
Término tópico o elemento de entrada del nombre geográfico PINTURA SUIZA
700 1# - ENTRADA AGREGADA - NOMBRE PERSONAL
Nombre de la persona Lietzow, Godehard \ Maranian, Haig \ Hartig, Dagmar
Holdings
Estado de retirada Pérdida de estatus Estado dañado No para préstamo Código de recogida Ubicación permanente Ubicación actual Ubicación de las estanterías Fecha de adquisición Número de llamada completo Código de barras Fecha de la última vez que se vio Número de copia Precio efectivo desde Tipo de artículo Koha
        General ArtNexus ArtNexus General 06/09/2022 P-SZ-00 T12A 7355 06/09/2022 Ej.1 06/09/2022 Libro

Powered by Koha